Alphabetically Next Quiz Stats

Quiz Updated Nov 3, 2016

Challenge
Share
Tweet
Embed
Score 0/24 Timer 08:00
3 Plays Today
Clue Alphabetically Next % Correct
…Saturday, Sunday…Thursday
86.1%
…July, June…March
83%
…Mars, Mercury…Neptune
80%
…Africa, Antarctica…Asia
77.2%
…King, Knight…Pawn
66.7%
…Dancer, Dasher…Donner
66.1%
…Indiana, Iowa…Kansas
65.9%
...Doc, Dopey...Grumpy
48.4%
…Brown, Columbia…Cornell
43.4%
…Capricorn, Gemini…Leo
38%
…Ravens, Redskins…Saints
32.9%
…Lincoln, Madison…McKinley
32.3%
Clue Alphabetically Next % Correct
...Julius Caesar, King John...King Lear
31.3%
…Iran, Iraq…Ireland
28.9%
…Jazz, Kings…Knicks
23.5%
...Amsterdam, Antwerp...Athens
22.1%
…Ares, Artemis…Athena
21.6%
…Tin, Titanium…Tungsten
16%
…Giants, Indians…Mariners
14.1%
…Sabres, Senators…Sharks
11.9%
…Sosa, Thomas…Thome
9.8%
...Nashua, Scranton...Utica
9.2%
…Jakarta, Jerusalem…Juba
3.4%
…Fonda, Foxx…Gable
2.7%

You're not logged in!

Compare scores with friends on all Sporcle quizzes.
Sign Up with Email
OR
Log In

You Might Also Like...

Show Comments

Extras

Top Quizzes Today


Score Distribution

Your Account Isn't Verified!

In order to create a playlist on Sporcle, you need to verify the email address you used during registration. Go to your Sporcle Settings to finish the process.